Statistics for ミリオンアイドルのイメージカラー

Click here to take the quiz!

General Stats

  • This quiz has been taken 238 times
  • The average score is 42 of 50

Answer Stats

カラーコード名前% Correct
##2743d2如月千早
92%
##ee762e大神環
90%
##e22b30天海春香
89%
##515558菊地真
89%
##01a860秋月律子
89%
##ffe43f双海亜美
89%
##ea5b76春日未来
89%
##9bce92島原エレナ
89%
##afa690北沢志保
88%
##ebe1ff白石紬
88%
##f39939高槻やよい
88%
##9238be三浦あずさ
87%
##b63b40篠宮可憐
86%
##5abfb7徳川まつり
86%
##454341所恵美
86%
##6bb6b0北上麗花
86%
##ffe43f双海真美
86%
##d7a96b宮尾美也
85%
##b4e04b星井美希
85%
##f1becb馬場このみ
85%
##92cfbb田中琴葉
84%
##6495cf最上静香
84%
##58a6dc佐竹美奈子
84%
##eb613f野々原茜
84%
##f19591百瀬莉緒
84%
##a6126a四条貴音
84%
##c7b83c七尾百合子
84%
##fd99e1水瀬伊織
84%
##f5ad3b矢吹可奈
84%
##01adb9我那覇響
83%
##aeb49c永吉昴
83%
##274079桜守歌織
82%
##554171エミリー
82%
##fff03cロコ
82%
##fed552伊吹翼
82%
##d3dde9萩原雪歩
82%
##bee3e3天空橋朋花
82%
##f19557二階堂千鶴
81%
##d7385fジュリア
81%
##e25a9b舞浜歩
81%
##99b7dc真壁瑞希
81%
##7e6ca8望月杏奈
81%
##d1342c木下ひなた
81%
##f7e78e中谷育
80%
##e9739b高坂海美
80%
##ed90ba箱崎星梨花
80%
##788bc5横山奈緒
79%
##b54461松田亜利沙
79%
##7278a8豊川風花
79%
##eceb70福田のり子
77%
##efb864周防桃子
77%
##7f6575高山紗代子
76%

Score Distribution

Percentile by Number Answered

Percent of People with Each Score

Your Score History

You have not taken this quiz